000 00691nam a2200241Ia 4500
003 OSt
005 20220927105430.0
006 a|||||r|||| 00| 0
007 ta
008 220926b |||||||| |||| 00| 0 eng d
024 _a170372
037 _cReference Collections
040 _aRTL
_cRTL
_beng
041 _2eng
_aeng
082 _a"X9.2.N85r, M6/GD"
110 _aSaraspur Mills limited.
_9372447
245 0 _aAnnual Report 1985.
260 _aAhmedabad
_bSaraspur Mills limited
_c1985
300 _a35p.
_ccm.
700 _aSaraspur Mills limited.
_9372448
942 _h"X9.2.N85r, M6/GD"
_cCC
999 _c692506
_d692506